000 00832cam a22002171 4500
001 l 19000070
003 DLC
005 20260227111527.0
008 800212s1919 xx 000 0 eng
010 _al 19000070
035 _a(OCoLC)5977197
040 _aDLC
_cOU
_dDLC
042 _apremarc
050 0 0 _aHD6994.W3
_bA5 1919j
110 1 _aUnited States.
_bBureau of Labor Statistics.
245 1 0 _aTentative quantity and cost budget necessary to maintain a family of five in Washington, D.C., at a level of health and decency.
_b(Prices secured in August, 1919)
260 _aWashington,
_bGovt. print. off.,
_c1919.
300 _a75 p.
_c23 cm.
500 _aAt head of title: U. S. Department of labor. Bureau of labor statistics, Royal Meeker, commissioner.
650 0 _aCost and standard of living
_zWashington (D.C.)
999 _c35548
_d35548